00421nam a2200133Ia 4500008004100000041001200041082002300053100006100076245006700137250001200204260003700216300001100253650002300264231217s9999 xx 000 0 und d aEnglish a001.6424PAS SCH;2 aSchneider, G Michael Weingart, Steven W Perlman, David M 3aAn introduction to programming and problem solving with Pascal a2nd ed. c1982bNew Delhi : Wiley Eastern, axi+468 aProgramming PASCAL